<?xml version="1.0" encoding="UTF-8"?>
<collection xmlns="http://www.loc.gov/MARC21/slim">
 <record>
  <leader>00966nam a22002537a 4500</leader>
  <controlfield tag="001">AAL1367</controlfield>
  <controlfield tag="003">BD-DhAAL</controlfield>
  <controlfield tag="005">20160425164938.0</controlfield>
  <controlfield tag="008">160425s    1990us a|||| |||| 00| 0 eng d</controlfield>
  <datafield tag="020" ind1=" " ind2=" ">
   <subfield code="a">0312106033</subfield>
  </datafield>
  <datafield tag="040" ind1=" " ind2=" ">
   <subfield code="a">BD-DhAAL</subfield>
   <subfield code="c">BD-DhAAL</subfield>
  </datafield>
  <datafield tag="082" ind1=" " ind2=" ">
   <subfield code="a">327.1/72/07</subfield>
  </datafield>
  <datafield tag="100" ind1=" " ind2=" ">
   <subfield code="a">Fox, Len </subfield>
   <subfield code="9">19253</subfield>
  </datafield>
  <datafield tag="245" ind1=" " ind2=" ">
   <subfield code="a">Making peace : </subfield>
   <subfield code="b">a reading/writing/thinking text on global community /</subfield>
   <subfield code="c">Elaine Brooks; Len Fox</subfield>
  </datafield>
  <datafield tag="260" ind1=" " ind2=" ">
   <subfield code="a">New York :</subfield>
   <subfield code="b">St. Martin's Press, </subfield>
   <subfield code="c">©1995.</subfield>
  </datafield>
  <datafield tag="300" ind1=" " ind2=" ">
   <subfield code="a">xiv, 279 pages : </subfield>
   <subfield code="b">illustrations ; </subfield>
   <subfield code="c">24 cm</subfield>
  </datafield>
  <datafield tag="541" ind1=" " ind2=" ">
   <subfield code="e">1367</subfield>
  </datafield>
  <datafield tag="650" ind1=" " ind2=" ">
   <subfield code="a">Peace </subfield>
   <subfield code="x">Study and teaching </subfield>
   <subfield code="z">United States</subfield>
   <subfield code="9">19254</subfield>
  </datafield>
  <datafield tag="650" ind1=" " ind2=" ">
   <subfield code="a">Peace </subfield>
   <subfield code="x">Study and teaching</subfield>
   <subfield code="9">19255</subfield>
  </datafield>
  <datafield tag="700" ind1=" " ind2=" ">
   <subfield code="a"> Brooks, Elaine</subfield>
   <subfield code="9">19256</subfield>
  </datafield>
  <datafield tag="852" ind1=" " ind2=" ">
   <subfield code="a">Savar Campus Library</subfield>
   <subfield code="c">General Shelf</subfield>
  </datafield>
  <datafield tag="942" ind1=" " ind2=" ">
   <subfield code="2">ddc</subfield>
   <subfield code="c">BK</subfield>
  </datafield>
  <datafield tag="999" ind1=" " ind2=" ">
   <subfield code="c">37481</subfield>
   <subfield code="d">37481</subfield>
  </datafield>
  <datafield tag="952" ind1=" " ind2=" ">
   <subfield code="0">0</subfield>
   <subfield code="1">0</subfield>
   <subfield code="2">ddc</subfield>
   <subfield code="4">0</subfield>
   <subfield code="6">327_100000000000000_72_07_FOX</subfield>
   <subfield code="7">0</subfield>
   <subfield code="9">58848</subfield>
   <subfield code="a">SCL</subfield>
   <subfield code="b">SCL</subfield>
   <subfield code="c">GEN</subfield>
   <subfield code="d">2016-04-25</subfield>
   <subfield code="e">Gift: The Asia Foundation</subfield>
   <subfield code="l">0</subfield>
   <subfield code="o">327.17207 FOX</subfield>
   <subfield code="p">3020001367</subfield>
   <subfield code="r">2016-04-25</subfield>
   <subfield code="t">1</subfield>
   <subfield code="w">2016-04-25</subfield>
   <subfield code="y">BK</subfield>
  </datafield>
 </record>
</collection>
